Normal view
MARC view
- Zantinge, Dolf
Entry Personal Name
001 - CONTROL NUMBER
- control field: 112696
003 - CONTROL NUMBER IDENTIFIER
- control field: NUST
005 - DATE AND TIME OF LATEST TRANSACTION
- control field: 20230526125105.0
008 - FIXED-LENGTH DATA ELEMENTS
- fixed length control field: 230526|| aca||aabn | a|a d
040 ## - CATALOGING SOURCE
- Original cataloging agency: NUST
- Transcribing agency: NUST
100 ## - HEADING--PERSONAL NAME
- Personal name: Zantinge, Dolf
670 ## - SOURCE DATA FOUND
- Source citation: Work cat.: (NUST)174823: Zantinge, Dolf., Managing client/server /, c1996.
